The National parks and other wild places of Malaysia

Bibliographic Details
Corporate Author: World Wildlife Fund Malaysia
Other Authors: Cubitt, Gerald S.
Format: Book
Published: London : New Holland , 1998
Subjects:

MARC

LEADER 00000cam a2200000 7i4500
001 0000003501
005 20060405.0
020 0 0 |a 1843302470 
090 0 0 |a 333.78209595   |b MAL 
245 1 0 |a The National parks and other wild places of Malaysia   |c text by WWF Malaysia ; photographs by Gerald Cubitt 
260 0 0 |a London :   |b New Holland ,   |c 1998 
300 |a 176 p. :   |b col. ill., col. maps ;   |c 31 cm. 
650 0 0 |a National parks and reserves   |z Malaysia. 
650 0 0 |a Natural areas   |z Malaysia. 
651 0 0 |a Malaysia   |x Description and travel. 
700 1 1 |a Cubitt, Gerald S. 
710 2 1 |a World Wildlife Fund Malaysia. 
999 |a 0000006913   |b Monograph   |c Open Shelf   |e Default branch